[Event "SVK-chT 1213"]
[Site "Slovakia"]
[Date "2013.03.02"]
[Round "10.3"]
[White "Zetocha, Claudiu"]
[Black "Betko, Lubomir"]
[Result "1/2-1/2"]
[WhiteElo "2360"]
[BlackElo "2237"]
[PlyCount "70"]
[EventDate "2012.10.27"]
[EventType "team-tourn"]
[EventRounds "11"]
[EventCountry "SVK"]
[SourceTitle "EXT 2014"]
[Source "ChessBase"]
[SourceDate "2013.11.20"]
[SourceVersion "1"]
[SourceVersionDate "2013.11.20"]
[SourceQuality "1"]
[WhiteTeam "Bratislava Slovan"]
[BlackTeam "Liptov Magic"]
[WhiteTeamCountry "SVK"]
[BlackTeamCountry "SVK"]

1. e4 c6 2. Nc3 g6 3. d4 Bg7 4. Nf3 d6 5. Be2 Nf6 6. 0-0 0-0 7. a4 Nbd7 8. a5 a6 9. h3 e5 10. dxe5 dxe5 11. Be3 Qe7 12. Nd2 Nc5 13. Re1 Rd8 14. Qc1 Be6 15. b4 Ncd7 16. Qb2 Ne8 17. Na4 Nd6 18. Bd3 f5 19. f3 Kh8 20. Rad1 Qf7 21. Nb6 Nxb6 22. Bxb6 Rd7 23. Qc3 Nb5 24. Qa1 Re8 25. Nf1 f4 26. Bxb5 cxb5 27. Rxd7 Bxd7 28. Rd1 Bc6 29. Nd2 Bf8 30. c3 Re7 31. Qb1 Rd7 32. Nb3 Kg7 33. Nc5 Bxc5+ 34. Bxc5 Rxd1+ 35. Qxd1 Qd7 1/2-1/2

[Event "SVK-chT 1112"]
[Site "Slovakia"]
[Date "2012.03.09"]
[Round "9.6"]
[White "Dobrotka, Martin"]
[Black "Betko, Lubomir"]
[Result "0-1"]
[WhiteElo "2259"]
[BlackElo "2208"]
[PlyCount "46"]
[EventDate "2011.10.22"]
[EventType "team-tourn"]
[EventRounds "11"]
[EventCountry "SVK"]
[SourceTitle "EXT 2013"]
[Source "ChessBase"]
[SourceDate "2012.11.22"]
[SourceVersion "1"]
[SourceVersionDate "2012.11.22"]
[SourceQuality "1"]
[WhiteTeam "Prievidza"]
[BlackTeam "Liptov Magic"]
[WhiteTeamCountry "SVK"]
[BlackTeamCountry "SVK"]

1. d4 Nf6 2. Nf3 c6 3. c4 d5 4. Nc3 a6 5. e3 b5 6. cxd5 cxd5 7. Bd3 Bg4 8. 0-0 e6 9. Qe2 Be7 10. Rd1 Nc6 11. a4 b4 12. Nb1 Qb6 13. Nbd2 0-0 14. Nb3 Ne4 15. Bd2 f5 16. a5 Qb7 17. Rdc1 e5 18. Be1 Rf6 19. Rc2 Rg6 20. Rac1 Ng5 21. Rxc6 Bxf3 22. Qc2 Nh3+ 23. Kf1 Rxg2 0-1

[Event "SVK-chT 1112"]
[Site "Slovakia"]
[Date "2012.02.11"]
[Round "7.7"]
[White "Betko, Lubomir"]
[Black "Klemanic, Emil"]
[Result "1-0"]
[WhiteElo "2208"]
[BlackElo "2194"]
[PlyCount "71"]
[EventDate "2011.10.22"]
[EventType "team-tourn"]
[EventRounds "11"]
[EventCountry "SVK"]
[SourceTitle "EXT 2013"]
[Source "ChessBase"]
[SourceDate "2012.11.22"]
[SourceVersion "1"]
[SourceVersionDate "2012.11.22"]
[SourceQuality "1"]
[WhiteTeam "Liptov Magic"]
[BlackTeam "Kosice"]
[WhiteTeamCountry "SVK"]
[BlackTeamCountry "SVK"]

1. e4 d6 2. d4 Nf6 3. Nc3 e5 4. Nf3 Nbd7 5. Be2 g6 6. 0-0 Bg7 7. dxe5 dxe5 8. Bg5 h6 9. Be3 0-0 10. h3 Qe7 11. Qc1 Kh7 12. Nd2 a6 13. a4 b6 14. Bf3 Bb7 15. Nb3 Qb4 16. a5 b5 17. Rd1 Rfd8 18. Nd5 Nxd5 19. exd5 Nf6 20. Bc5 Qc4 21. Be7 Rd7 22. Nd2 Qf4 23. Bxf6 Bxf6 24. g3 Qb4 25. Ne4 Be7 26. c3 Qc4 27. b3 Qxb3 28. Nd2 Qxd1+ 29. Qxd1 f5 30. c4 bxc4 31. Nxc4 e4 32. Be2 Rxd5 33. Qb3 Bc6 34. Ne3 Bf6 35. Rc1 Rd6 36. Qf7+ 1-0

[Event "SVK-chT1E 1011"]
[Site "Slovakia"]
[Date "2011.03.19"]
[Round "8"]
[White "Betko, Lubomir"]
[Black "Miciak, Maros"]
[Result "0-1"]
[WhiteElo "2222"]
[BlackElo "2057"]
[PlyCount "122"]
[EventDate "2010.11.06"]
[EventType "team-tourn"]
[EventRounds "11"]
[EventCountry "SVK"]
[SourceTitle "EXT 2012"]
[Source "ChessBase"]
[SourceDate "2011.11.24"]
[SourceVersion "1"]
[SourceVersionDate "2011.11.24"]
[SourceQuality "1"]
[WhiteTeam "Liptov Magic"]
[BlackTeam "Kysucke Nove Mesto"]
[WhiteTeamCountry "SVK"]
[BlackTeamCountry "SVK"]

1. e4 e5 2. Nf3 Nc6 3. Bc4 Nf6 4. d3 Be7 5. 0-0 0-0 6. c3 d5 7. exd5 Nxd5 8. h3 Bf5 9. a4 Bf6 10. a5 Qd6 11. Nbd2 Nf4 12. Ne4 Bxe4 13. dxe4 Qc5 14. Qa4 Nxa5 15. Bxf7+ Rxf7 16. Qxa5 Qxa5 17. Rxa5 b6 18. Ra4 Nd3 19. b4 c5 20. b5 Rc8 21. Ba3 Nf4 22. Bb2 Rd7 23. Rfa1 Rcc7 24. Kf1 Kf7 25. Bc1 Nd3 26. Ke2 Ke6 27. g3 c4 28. Be3 Be7 29. Nd2 Bc5 30. Nxc4 Bxe3 31. Nxe3 Nc5 32. Rc4 Rb7 33. f4 g6 34. Rf1 Rd8 35. Nd5 Nxe4 36. Rc6+ Kf7 37. fxe5+ Kg7 38. Rd1 Nxg3+ 39. Kf3 Nh5 40. Ke4 Rf7 41. Rd3 Re8 42. e6 Rf5 43. Rc7+ Kf8 44. e7+ Kf7 45. Rxa7 Rxd5 46. Rxd5 Nf6+ 47. Kd4 Nxd5 48. Kxd5 Rxe7 49. Ra6 Re6 50. c4 Kf6 51. Ra7 h5 52. h4 Re5+ 53. Kc6 Rc5+ 54. Kxb6 Rxc4 55. Kb7 Rxh4 56. b6 Rb4 57. Kc6 g5 58. b7 h4 59. Ra5 Rxb7 60. Kxb7 h3 61. Kc6 h2 0-1

[Event "CZE-chT2D 1011"]
[Site "Czech Republic"]
[Date "2011.02.06"]
[Round "7"]
[White "Betko, Lubomir"]
[Black "Mareckova, Martina"]
[Result "0-1"]
[WhiteElo "2222"]
[BlackElo "2056"]
[PlyCount "92"]
[EventDate "2010.10.17"]
[EventType "team-tourn"]
[EventRounds "11"]
[EventCountry "CZE"]
[SourceTitle "EXT 2012"]
[Source "ChessBase"]
[SourceDate "2011.11.24"]
[SourceVersion "1"]
[SourceVersionDate "2011.11.24"]
[SourceQuality "1"]
[WhiteTeam "Trebic Caissa"]
[BlackTeam "Brno Duras II"]
[WhiteTeamCountry "CZE"]
[BlackTeamCountry "CZE"]

1. e4 e5 2. Nf3 Nc6 3. Bc4 Bc5 4. d3 Nf6 5. c3 d6 6. h3 a6 7. Bb3 h6 8. 0-0 Ba7 9. Nbd2 g5 10. Nh2 Rg8 11. g4 Ne7 12. Ndf3 Ng6 13. d4 Qe7 14. dxe5 dxe5 15. Qe2 Nf4 16. Bxf4 gxf4 17. Kh1 h5 18. gxh5 Bxh3 19. Rg1 0-0-0 20. Ng5 Rxg5 21. Rxg5 Nxe4 22. Qxe4 Qxg5 23. Qf3 Qh4 24. Bc4 Bf5 25. Bxa6 e4 26. Qe2 bxa6 27. Qxa6+ Kb8 28. Qb5+ Bb6 29. Qxf5 e3 30. Qe4 Rd2 31. Rf1 Rxf2 32. Qe8+ Kb7 33. Qe4+ c6 34. Rxf2 Qxf2 35. Nf3 e2 36. Qe7+ Bc7 37. Qb4+ Kc8 38. Qe4 Qxf3+ 39. Qxf3 e1Q+ 40. Kg2 Qd2+ 41. Qf2 Qd5+ 42. Qf3 Qg5+ 43. Kf1 Kb7 44. Qh3 Qg3 45. Qg2 Qd3+ 46. Qe2 Qh3+ 0-1

[Event "SVK-chT1E 0910"]
[Site "Slovakia"]
[Date "2009.10.18"]
[Round "2.1"]
[White "Betko, Lubomir"]
[Black "Kopera, Michal"]
[Result "1-0"]
[WhiteElo "2239"]
[BlackElo "2146"]
[PlyCount "125"]
[EventDate "2009.10.17"]
[EventType "team"]
[EventRounds "11"]
[EventCountry "SVK"]
[SourceTitle "EXT 2011"]
[Source "ChessBase"]
[SourceDate "2010.11.26"]
[SourceVersion "1"]
[SourceVersionDate "2010.11.26"]
[SourceQuality "1"]
[WhiteTeam "Liptov"]
[BlackTeam "Zilina Mladost juniors"]
[WhiteTeamCountry "SVK"]
[BlackTeamCountry "SVK"]

1. e4 e5 2. Nf3 Nc6 3. Bc4 Bc5 4. d3 Nf6 5. 0-0 0-0 6. h3 h6 7. Re1 d6 8. c3 Bb6 9. Bb3 Re8 10. Nbd2 Ne7 11. Nc4 Ng6 12. Bc2 Be6 13. Nxb6 axb6 14. a3 d5 15. exd5 Bxd5 16. d4 Bxf3 17. Qxf3 exd4 18. Rxe8+ Nxe8 19. Bb3 Nd6 20. cxd4 Qh4 21. Be3 Rd8 22. Rc1 c6 23. Ba2 Ne7 24. b4 Ndf5 25. g4 Nxe3 26. Bxf7+ Kh8 27. Qxe3 Qf6 28. Bb3 Rxd4 29. Re1 Ng6 30. Qe8+ Nf8 31. Bf7 Rd8 32. Qe7 Qd4 33. Bb3 Ng6 34. Qe3 Qf6 35. Bc2 Rf8 36. Bxg6 Qxg6 37. Qe7 Ra8 38. Re3 b5 39. Qxb7 Rd8 40. Qe7 Qb1+ 41. Kg2 Qd1 42. Qe6 Qc2 43. Rf3 Rg8 44. Rf5 Qc3 45. Rf3 Qc2 46. Qe3 Qg6 47. Rf5 Rc8 48. Qc5 Qe8 49. Re5 Qf7 50. Re7 Qf6 51. Qe5 Qf8 52. Rc7 Rxc7 53. Qxc7 Qe8 54. Qd6 Qe4+ 55. Kg3 g6 56. h4 Kg7 57. Qc7+ Kg8 58. Qf4 Qd3+ 59. Qf3 Qd6+ 60. Qf4 Qd3+ 61. Qe3 Qd6+ 62. f4 Kg7 63. Qe5+ 1-0

[Event "SVK-chT1E 0910"]
[Site "Slovakia"]
[Date "2009.10.17"]
[Round "1.1"]
[White "Prielozny, Stanislav"]
[Black "Betko, Lubomir"]
[Result "1-0"]
[WhiteElo "2160"]
[BlackElo "2239"]
[PlyCount "29"]
[EventDate "2009.10.17"]
[EventType "team"]
[EventRounds "11"]
[EventCountry "SVK"]
[SourceTitle "EXT 2011"]
[Source "ChessBase"]
[SourceDate "2010.11.26"]
[SourceVersion "1"]
[SourceVersionDate "2010.11.26"]
[SourceQuality "1"]
[WhiteTeam "Rajecke Teplice"]
[BlackTeam "Liptov"]
[WhiteTeamCountry "SVK"]
[BlackTeamCountry "SVK"]

1. d4 Nf6 2. Nf3 c6 3. c4 d5 4. e3 a6 5. Nbd2 e6 6. Bd3 Be7 7. a3 0-0 8. 0-0 dxc4 9. Nxc4 c5 10. dxc5 Bxc5 11. b4 Be7 12. Bb2 Nc6 13. Nce5 Bd7 14. Nxd7 Qxd7 15. Bxf6 1-0

[Event "SVK-chT 0809"]
[Site "Slovakia"]
[Date "2009.03.15"]
[Round "11"]
[White "Martiska, Peter"]
[Black "Betko, Lubomir"]
[Result "1/2-1/2"]
[WhiteElo "2282"]
[BlackElo "2239"]
[PlyCount "68"]
[EventDate "2008.10.25"]
[EventType "team-tourn"]
[EventRounds "11"]
[EventCountry "SVK"]
[SourceTitle "EXT 2019"]
[Source "ChessBase"]
[SourceDate "2018.10.10"]
[SourceVersion "1"]
[SourceVersionDate "2018.10.10"]
[SourceQuality "1"]
[WhiteTeam "Nitra"]
[BlackTeam "Liptov"]
[WhiteTeamCountry "SVK"]
[BlackTeamCountry "SVK"]

1. d4 Nf6 2. Nf3 c6 3. c4 d5 4. cxd5 cxd5 5. Nc3 Nc6 6. Bf4 Ne4 7. e3 Nxc3 8. bxc3 g6 9. Bd3 Bg7 10. 0-0 0-0 11. Rb1 a6 12. h3 Na5 13. Nd2 Bd7 14. c4 dxc4 15. Nxc4 b5 16. Ne5 Rc8 17. Rc1 Rxc1 18. Qxc1 Be6 19. Qa3 Bxe5 20. Bxe5 Nc4 21. Bxc4 Bxc4 22. Rd1 a5 23. d5 f6 24. Bg3 a4 25. Rd2 Qa5 26. Rd4 b4 27. Qb2 Bxd5 28. Qxb4 Qxb4 29. Rxb4 Ra8 30. a3 Kf7 31. f3 Ra7 32. Be1 Bb3 33. Rb6 Rd7 34. Bb4 h5 1/2-1/2

[Event "SVK-chT 0809"]
[Site "Slovakia"]
[Date "2009.03.14"]
[Round "10"]
[White "Lanc, Alois"]
[Black "Betko, Lubomir"]
[Result "1-0"]
[WhiteElo "2393"]
[BlackElo "2239"]
[PlyCount "49"]
[EventDate "2008.10.25"]
[EventType "team-tourn"]
[EventRounds "11"]
[EventCountry "SVK"]
[SourceTitle "EXT 2019"]
[Source "ChessBase"]
[SourceDate "2018.10.10"]
[SourceVersion "1"]
[SourceVersionDate "2018.10.10"]
[SourceQuality "1"]
[WhiteTeam "Hlohovec"]
[BlackTeam "Liptov"]
[WhiteTeamCountry "SVK"]
[BlackTeamCountry "SVK"]

1. e4 c6 2. d4 g6 3. Nc3 Bg7 4. f4 d5 5. e5 h5 6. Be3 Nh6 7. Nf3 Bg4 8. Be2 Nf5 9. Bf2 e6 10. g3 Nd7 11. Qd2 Bh6 12. Ng5 Bxe2 13. Nxe2 Bxg5 14. fxg5 Qc7 15. h3 c5 16. c3 Rc8 17. Rc1 b5 18. 0-0 0-0 19. g4 hxg4 20. hxg4 Ne7 21. Qf4 cxd4 22. cxd4 Qd8 23. Qh2 Nc6 24. Kg2 Re8 25. Qh6 1-0

[Event "SVK-chT 0809"]
[Site "Slovakia"]
[Date "2009.02.14"]
[Round "8"]
[White "Mazur, Stefan"]
[Black "Betko, Lubomir"]
[Result "1-0"]
[WhiteElo "2255"]
[BlackElo "2239"]
[PlyCount "99"]
[EventDate "2008.10.25"]
[EventType "team-tourn"]
[EventRounds "11"]
[EventCountry "SVK"]
[SourceTitle "EXT 2019"]
[Source "ChessBase"]
[SourceDate "2018.10.10"]
[SourceVersion "1"]
[SourceVersionDate "2018.10.10"]
[SourceQuality "1"]
[WhiteTeam "Kezmarok"]
[BlackTeam "Liptov"]
[WhiteTeamCountry "SVK"]
[BlackTeamCountry "SVK"]

1. e4 c5 2. Nf3 e6 3. c4 Nc6 4. Nc3 a6 5. Be2 Nd4 6. Nxd4 cxd4 7. Nb1 Be7 8. 0-0 d6 9. d3 Nf6 10. f4 0-0 11. Qe1 b5 12. b3 bxc4 13. bxc4 Kh8 14. Nd2 e5 15. f5 h6 16. Rb1 Qa5 17. Rb2 Bd7 18. Nb3 Qxe1 19. Rxe1 Rfb8 20. Bd2 Rb7 21. Reb1 Rab8 22. Bc1 Bd8 23. Na1 Rxb2 24. Rxb2 Rxb2 25. Bxb2 a5 26. Ba3 Bc7 27. Bd1 Bc6 28. Kf1 Kg8 29. Nb3 Kf8 30. Bc1 a4 31. Na1 Nd7 32. Ba3 Nc5 33. Ke2 Ke7 34. Nc2 Na6 35. Bb4 Bb6 36. Be1 Bc5 37. a3 Bd7 38. Ba5 g6 39. g4 gxf5 40. gxf5 Nb8 41. Bd2 Nc6 42. Bxh6 Na5 43. Ke1 f6 44. Bh5 Nb3 45. h4 Bc6 46. Kd1 Bb7 47. Bg7 Bxe4 48. dxe4 d3 49. Ne1 d2 50. Nc2 1-0

[Event "SVK-chT 0809"]
[Site "Slovakia"]
[Date "2009.01.18"]
[Round "7"]
[White "Betko, Lubomir"]
[Black "Matejovic, Juraj"]
[Result "1/2-1/2"]
[WhiteElo "2239"]
[BlackElo "2269"]
[PlyCount "142"]
[EventDate "2008.10.25"]
[EventType "team-tourn"]
[EventRounds "11"]
[EventCountry "SVK"]
[SourceTitle "EXT 2019"]
[Source "ChessBase"]
[SourceDate "2018.10.10"]
[SourceVersion "1"]
[SourceVersionDate "2018.10.10"]
[SourceQuality "1"]
[WhiteTeam "Liptov"]
[BlackTeam "Modra"]
[WhiteTeamCountry "SVK"]
[BlackTeamCountry "SVK"]

1. e4 e6 2. d4 d5 3. Nc3 dxe4 4. Nxe4 Nd7 5. Nf3 Ngf6 6. Bd3 Be7 7. 0-0 0-0 8. Qe2 b6 9. Re1 Bb7 10. Neg5 Bd6 11. Ne5 Qe7 12. Ngf3 c5 13. Nxd7 Nxd7 14. Bg5 Qe8 15. c3 cxd4 16. Nxd4 Nc5 17. Bc2 f6 18. Bh4 e5 19. Nf5 Rd8 20. Qg4 g6 21. Rad1 Bc8 22. Rxd6 Rxd6 23. Nxd6 Bxg4 24. Nxe8 Rxe8 25. Bxf6 Nd7 26. Bg5 Kf7 27. f3 Be6 28. Ba4 a6 29. Rd1 b5 30. Bc2 Nc5 31. Bb1 Na4 32. Rd2 Rc8 33. Kf2 Bf5 34. Bxf5 gxf5 35. Rd7+ Ke6 36. Re7+ Kd5 37. Rd7+ Ke6 38. Rxh7 Nxb2 39. h4 Rxc3 40. Rh6+ Kd5 41. Rxa6 Rc2+ 42. Kg3 Nc4 43. h5 f4+ 44. Kh3 Ne3 45. g3 Rc1 46. gxf4 Rh1+ 47. Kg3 Rxh5 48. Bd8 Rh8 49. Bc7 Nf5+ 50. Kg4 Ne3+ 51. Kg3 Nf5+ 52. Kg2 Nh4+ 53. Kf2 exf4 54. Bxf4 Rf8 55. Kg3 Nf5+ 56. Kg4 Nd4 57. a3 Kc4 58. Rb6 Rg8+ 59. Bg5 Nxf3 60. Kxf3 Rxg5 61. Ke2 Rg3 62. Ra6 Rg2+ 63. Kd1 Ra2 64. Ra5 Rb2 65. Kc1 Rb3 66. Kc2 Rh3 67. Kb2 Rh1 68. Ka2 Rh3 69. Kb2 Rh2+ 70. Kb1 b4 71. axb4 Kxb4 1/2-1/2

[Event "SVK-chT 0809"]
[Site "Slovakia"]
[Date "2008.10.26"]
[Round "2"]
[White "Betko, Lubomir"]
[Black "Salai, Ladislav"]
[Result "1-0"]
[WhiteElo "2239"]
[BlackElo "2364"]
[PlyCount "71"]
[EventDate "2008.10.25"]
[EventType "team-tourn"]
[EventRounds "11"]
[EventCountry "SVK"]
[SourceTitle "EXT 2019"]
[Source "ChessBase"]
[SourceDate "2018.10.10"]
[SourceVersion "1"]
[SourceVersionDate "2018.10.10"]
[SourceQuality "1"]
[WhiteTeam "Liptov"]
[BlackTeam "Dubnica nad Vahom"]
[WhiteTeamCountry "SVK"]
[BlackTeamCountry "SVK"]

1. e4 d6 2. d4 Nf6 3. Nc3 g6 4. h3 Bg7 5. Be3 c6 6. a4 0-0 7. Nf3 Nbd7 8. Be2 e5 9. dxe5 dxe5 10. Nd2 Qe7 11. Nb3 Rd8 12. 0-0 Nf8 13. Qe1 Ne6 14. Rd1 Bd7 15. f3 Nh5 16. Bc4 Nef4 17. Kh2 Bf6 18. Bc5 Qe8 19. a5 Be7 20. Qf2 Qf8 21. Bxa7 Rxa7 22. Qxa7 Nxg2 23. Kxg2 Nf4+ 24. Kh1 Qh6 25. Qg1 Bxh3 26. Rxd8+ Bxd8 27. Qh2 Bg2+ 28. Kg1 Qg5 29. Kf2 Nh3+ 30. Ke2 Bxf1+ 31. Kxf1 Nf4 32. Ne2 h5 33. Nxf4 exf4 34. Qg2 Qf6 35. e5 Qg7 36. Qd2 1-0

[Event "SVK-chT 0708"]
[Site "Slovakia"]
[Date "2008.02.17"]
[Round "9"]
[White "Szegi, Tamas"]
[Black "Betko, Lubomir"]
[Result "1/2-1/2"]
[WhiteElo "2293"]
[BlackElo "2253"]
[PlyCount "58"]
[EventDate "2007.10.20"]
[EventType "team-tourn"]
[EventRounds "11"]
[EventCountry "SVK"]
[SourceTitle "EXT 2019"]
[Source "ChessBase"]
[SourceDate "2018.10.10"]
[SourceVersion "1"]
[SourceVersionDate "2018.10.10"]
[SourceQuality "1"]
[WhiteTeam "Dunajska Streda"]
[BlackTeam "Liptov"]
[WhiteTeamCountry "SVK"]
[BlackTeamCountry "SVK"]

1. e4 c6 2. d4 g6 3. Be2 Bg7 4. Nf3 d6 5. h3 Nf6 6. Nc3 0-0 7. 0-0 Qc7 8. Bg5 b5 9. a3 a6 10. Re1 Nbd7 11. Bf1 e5 12. Qd2 Bb7 13. Rad1 exd4 14. Nxd4 c5 15. Ndxb5 axb5 16. Nxb5 Qb8 17. Nxd6 Bc6 18. e5 Nd5 19. c4 Nc7 20. Ne4 Bxe4 21. Rxe4 Nxe5 22. Bh6 Ne6 23. Qe3 Qxb2 24. Bxg7 Kxg7 25. Rxe5 Rxa3 26. Qe1 Rfa8 27. Rb1 Qd4 28. Rd1 Qb2 29. Rb1 Qd4 1/2-1/2

[Event "SVK-chT 0708"]
[Site "Slovakia"]
[Date "2008.02.16"]
[Round "8"]
[White "Betko, Lubomir"]
[Black "Rigo, Zsolt"]
[Result "0-1"]
[WhiteElo "2253"]
[BlackElo "2401"]
[PlyCount "53"]
[EventDate "2007.10.20"]
[EventType "team-tourn"]
[EventRounds "11"]
[EventCountry "SVK"]
[SourceTitle "EXT 2019"]
[Source "ChessBase"]
[SourceDate "2018.10.10"]
[SourceVersion "1"]
[SourceVersionDate "2018.10.10"]
[SourceQuality "1"]
[WhiteTeam "Liptov"]
[BlackTeam "Komarno"]
[WhiteTeamCountry "SVK"]
[BlackTeamCountry "SVK"]

1. e4 c5 2. Nf3 e6 3. d4 cxd4 4. Nxd4 a6 5. Nc3 b5 6. Be3 Bb7 7. f3 Nf6 8. Qd2 d5 9. e5 Nfd7 10. f4 b4 11. Nce2 Nc5 12. Ng3 Nbd7 13. Be2 Nb6 14. 0-0 Nc4 15. Bxc4 dxc4 16. Qxb4 Qd5 17. Qd2 h5 18. Nf3 Qc6 19. Ne2 h4 20. h3 Be7 21. Ned4 Qd5 22. Ne1 Qe4 23. b4 Na4 24. c3 0-0 25. Rc1 Rfc8 26. Qf2 Nb6 27. Qd2 0-1

[Event "SVK-chT 0506"]
[Site "Slovakia"]
[Date "2006.02.25"]
[Round "10"]
[White "Betko, Lubomir"]
[Black "Balogh, Tomas"]
[Result "1-0"]
[WhiteElo "2250"]
[BlackElo "2440"]
[PlyCount "75"]
[EventDate "2005.10.08"]
[EventType "team-tourn"]
[EventRounds "11"]
[EventCountry "SVK"]
[SourceTitle "EXT 2019"]
[Source "ChessBase"]
[SourceDate "2018.10.10"]
[SourceVersion "1"]
[SourceVersionDate "2018.10.10"]
[SourceQuality "1"]
[WhiteTeam "Liptov"]
[BlackTeam "Komarno"]
[WhiteTeamCountry "SVK"]
[BlackTeamCountry "SVK"]

1. e4 c6 2. d4 d5 3. Nc3 g6 4. h3 Bg7 5. e5 h5 6. Nf3 Nh6 7. Bf4 a5 8. a4 Na6 9. Qd2 Nc7 10. Be2 b6 11. 0-0 Ne6 12. Bh2 Ba6 13. Rfe1 Bxe2 14. Nxe2 Nf5 15. Qc3 Qd7 16. Nf4 Nxf4 17. Bxf4 e6 18. Qa3 Bf8 19. Qb3 Rb8 20. g4 hxg4 21. hxg4 Nh4 22. Nxh4 Rxh4 23. Qg3 Be7 24. Kg2 g5 25. Bd2 c5 26. Rh1 cxd4 27. Bxg5 Bxg5 28. Rxh4 Bxh4 29. Qxh4 Qe7 30. Qh8+ Qf8 31. Rh1 Kd7 32. Qf6 Qg8 33. g5 Rc8 34. Rh6 Rf8 35. Kf1 Kc6 36. Ke2 Kb7 37. g6 fxg6 38. Qe7+ 1-0

[Event "SVK-chT 0506"]
[Site "Slovakia"]
[Date "2005.12.11"]
[Round "6"]
[White "Dovzik, Juri"]
[Black "Betko, Lubomir"]
[Result "1-0"]
[WhiteElo "2405"]
[BlackElo "2251"]
[PlyCount "57"]
[EventDate "2005.10.08"]
[EventType "team-tourn"]
[EventRounds "11"]
[EventCountry "SVK"]
[SourceTitle "EXT 2019"]
[Source "ChessBase"]
[SourceDate "2018.10.10"]
[SourceVersion "1"]
[SourceVersionDate "2018.10.10"]
[SourceQuality "1"]
[WhiteTeam "Kosice sachy.sk"]
[BlackTeam "Liptov"]
[WhiteTeamCountry "SVK"]
[BlackTeamCountry "SVK"]

1. c4 Nf6 2. Nc3 c6 3. e4 e5 4. Nf3 d6 5. d4 Nbd7 6. Be2 Be7 7. 0-0 0-0 8. Re1 Re8 9. Bf1 Qc7 10. h3 a6 11. d5 c5 12. a3 g6 13. b4 b6 14. Bd2 Nh5 15. Nh2 Ng7 16. Ng4 f5 17. Nh6+ Kh8 18. exf5 gxf5 19. Nf7+ Kg8 20. Ng5 Bf6 21. Ne6 Qa7 22. g4 fxg4 23. Ne4 Nxe6 24. dxe6 Rxe6 25. Qxg4+ Kf7 26. Qf5 Nf8 27. Bg5 Qe7 28. Bg2 Rb8 29. Rad1 1-0

[Event "SVK-chT 0506"]
[Site "Slovakia"]
[Date "2005.11.13"]
[Round "4"]
[White "Betko, Lubomir"]
[Black "Machata, Martin"]
[Result "1/2-1/2"]
[WhiteElo "2251"]
[BlackElo "2227"]
[PlyCount "75"]
[EventDate "2005.10.08"]
[EventType "team-tourn"]
[EventRounds "11"]
[EventCountry "SVK"]
[SourceTitle "EXT 2019"]
[Source "ChessBase"]
[SourceDate "2018.10.10"]
[SourceVersion "1"]
[SourceVersionDate "2018.10.10"]
[SourceQuality "1"]
[WhiteTeam "Liptov"]
[BlackTeam "Modra"]
[WhiteTeamCountry "SVK"]
[BlackTeamCountry "SVK"]

1. e4 d5 2. exd5 Nf6 3. d4 Nxd5 4. Nf3 g6 5. g3 Bg7 6. Bg2 0-0 7. 0-0 Nd7 8. Re1 c5 9. c4 N5b6 10. Bg5 Re8 11. Na3 cxd4 12. Nxd4 Nc5 13. Be3 Ne6 14. Nxe6 Bxe6 15. Qe2 Qc8 16. Rac1 Bg4 17. Qc2 Nd7 18. Nb5 a6 19. Nd4 Nc5 20. Bf1 e5 21. Nb3 Bf5 22. Qd2 Rd8 23. Qb4 Nd3 24. Bxd3 Bxd3 25. Nc5 e4 26. Na4 Qg4 27. Nb6 a5 28. Qb3 a4 29. Qb4 Ra6 30. c5 Be2 31. Rc2 Bf3 32. Qb5 a3 33. Rd2 Rf8 34. b3 Bc3 35. Nd5 Qh3 36. Nf4 Qc8 37. Nd5 Qh3 38. Nf4 1/2-1/2

[Event "SVK-chT 0405"]
[Site "Slovakia"]
[Date "2005.04.09"]
[Round "10"]
[White "Hacik, Radomir"]
[Black "Betko, Lubomir"]
[Result "1-0"]
[WhiteElo "2259"]
[BlackElo "2240"]
[PlyCount "89"]
[EventDate "2004.11.13"]
[EventType "team-tourn"]
[EventRounds "11"]
[EventCountry "SVK"]
[SourceTitle "EXT 2019"]
[Source "ChessBase"]
[SourceDate "2018.10.10"]
[SourceVersion "1"]
[SourceVersionDate "2018.10.10"]
[SourceQuality "1"]
[WhiteTeam "Bratislava Slovan"]
[BlackTeam "Liptov"]
[WhiteTeamCountry "SVK"]
[BlackTeamCountry "SVK"]

1. e4 c6 2. d4 g6 3. Be3 Bg7 4. c3 d5 5. Nd2 Nf6 6. e5 Ng4 7. Bg5 f6 8. exf6 exf6 9. Bf4 0-0 10. Bd3 Na6 11. h3 Nh6 12. Nb3 Bf5 13. Ne2 Re8 14. 0-0 Nc7 15. Bh2 Ne6 16. Nf4 Ng5 17. h4 Ne4 18. f3 Nd6 19. g4 Bxd3 20. Qxd3 Nc4 21. Rae1 b6 22. Nd2 Nxd2 23. Rxe8+ Qxe8 24. Qxd2 Qd7 25. Re1 Re8 26. Kf2 Bf8 27. Nd3 Nf7 28. Rxe8 Qxe8 29. Qe2 Qd7 30. Kg2 Qe7 31. Kf2 Nd8 32. Qxe7 Bxe7 33. Bb8 a6 34. Bc7 b5 35. Bxd8 Bxd8 36. Nb4 f5 37. gxf5 Bxh4+ 38. Ke3 gxf5 39. Kf4 Kf7 40. Kxf5 Be1 41. Nxc6 h5 42. Nb4 h4 43. Kg4 a5 44. Nxd5 Ke6 45. Nc7+ 1-0

[Event "SVK-chT 0405"]
[Site "Slovakia"]
[Date "2004.11.13"]
[Round "1"]
[White "Malar, Pavol"]
[Black "Betko, Lubomir"]
[Result "0-1"]
[WhiteElo "2132"]
[BlackElo "2240"]
[PlyCount "122"]
[EventDate "2004.11.13"]
[EventType "team-tourn"]
[EventRounds "11"]
[EventCountry "SVK"]
[SourceTitle "EXT 2019"]
[Source "ChessBase"]
[SourceDate "2018.10.10"]
[SourceVersion "1"]
[SourceVersionDate "2018.10.10"]
[SourceQuality "1"]
[WhiteTeam "Hlohovec"]
[BlackTeam "Liptov"]
[WhiteTeamCountry "SVK"]
[BlackTeamCountry "SVK"]

1. e4 c5 2. Bc4 e6 3. Qe2 Nc6 4. c3 Nf6 5. d3 Qc7 6. Nf3 Be7 7. 0-0 d5 8. Bb5 0-0 9. Nbd2 Bd7 10. Re1 Rfe8 11. Nf1 a6 12. Bxc6 Bxc6 13. e5 Nd7 14. Ng3 b5 15. d4 b4 16. Ng5 h6 17. Nh3 bxc3 18. bxc3 cxd4 19. cxd4 Bb4 20. Bd2 Bb5 21. Qe3 Bxd2 22. Qxd2 Rac8 23. Rac1 Qb7 24. Nh5 Rxc1 25. Qxc1 Bd3 26. Qa3 Bf5 27. N3f4 Rb8 28. Qg3 g6 29. Nf6+ Nxf6 30. exf6 Qb4 31. Qe3 Rc8 32. a3 Qc3 33. h3 g5 34. Nh5 Qxe3 35. Rxe3 Rc1+ 36. Kh2 Rc2 37. Kg1 Kh7 38. Ng3 Kg6 39. Nxf5 Kxf5 40. Rf3+ Kg6 41. Rb3 Rc4 42. Rd3 Kxf6 43. g4 a5 44. Kg2 a4 45. Kf3 Rc2 46. Ke3 Ke7 47. Kf3 Kd6 48. Kg3 Rb2 49. Kf3 f5 50. gxf5 exf5 51. Kg2 Rb3 52. Rd1 Rxa3 53. Re1 Rd3 54. Re5 f4 55. Rf5 Rxd4 56. Rf6+ Ke5 57. Rxh6 a3 58. Ra6 Rd3 59. Ra4 Rb3 60. f3 Rb2+ 61. Kf1 a2 0-1